000 00538nam a2200241Ia 4500
003 OSt
005 20220912152149.0
006 a|||||r|||| 00| 0
007 ta
008 220909b |||||||| |||| 00| 0 eng d
024 _a57467
037 _cTextual
040 _aCSL
_beng
_cCSL
041 _aeng
082 _aJ311, F1
100 _aDeerr Noel
245 0 _aCane sugar
260 _c1921
300 _ap.
_ccm.
650 _aAgriculture
942 _hJ311, F1
_cTEXL
_2CC
999 _c82240
_d82240